| 000 | 00956cam a2200181ua 4500 | ||
|---|---|---|---|
| 020 | _c2.00 | ||
| 041 |
_ahin _h |
||
| 082 |
_a891.54 _bKER/PA |
||
| 110 | 1 |
_aKerala Hindi Prachar Sabha . _b _c(Thiruvanantapuram, Kerala ) |
|
| 245 |
_aPadya prasoon / _cKerala Hindi Prachar Sabha. _hTextual Documents |
||
| 250 |
_a4 / _b. |
||
| 260 |
_aThiruvananthapuram : _bKerala Hindi Prachar Sabha , _c1970. |
||
| 300 | _a88 ; . | ||
| 365 | _a2.00 | ||
| 504 | _a | ||
| 942 | _cBK | ||
| 999 |
_c6415 _d6415 |
||